| 000 | 00899 a2200157 4500 | ||
|---|---|---|---|
| 001 | 122527 | ||
| 020 | _a9788542621815 | ||
| 040 | _cEscola Canadense de Niteroi | ||
| 090 | _aSOU - Turma da mônica jovem | ||
| 245 | 1 | 0 | _aTurma da Mônica - Geração 12 |
| 260 | _aSão Paulo | ||
| 362 | 0 | _a2019 | |
| 490 | 0 | _aGeração 12 | |
| 520 | _aA primeira revista do selo Mangá MSP traz "Um Novo Tempo". O recém-inaugurado Instituto Astro de Exploração Espacial abriu as portas para receber sua primeira geração de alunos com 12 anos de idade. Estudar planetas e luas, conhecer alienígenas, caminhar numa sala com gravidade zero... Essas são apenas algumas das aulas para quem sonha em viajar pelo universo como o Astronauta Pereira. Esta edição revela um pouco desse novo mundo, enquanto a Turma da Mônica Geração 12 se prepara para uma grande aventura! (Grade Level: 7-9) | ||
| 942 | _cBK | ||
| 999 |
_c122527 _d122527 |
||